000 00357nam a2200157Ia 4500
008 220216s9999 xx 000 0 und d
245 0 _aPlantation commodities:A stock taking
260 _bPlanters Chronicle
_c2013
300 _aJun-31
650 _aCoffee
650 _aPepper
650 _aRubber
650 _aSpices
650 _aTea
942 _cJS
999 _c65113
_d65113